00536nam a22001457a 4500003000400000005001700004008004100021040001400062100002400076245012100100260000900221300003000230500009900260504003100359OSt20171010095459.0120720t xxu||||| |||| 00| 0 eng d aMMSUcULS aLorenzo, Imelda S.  aPhytochemical analysis and antimicrobial activity of bignay (Antidesma bubius (L.) Sprengel fruitcImelda S. Lorenzo c3482 axviii, 70 leaves c28 cm. aThesis (BS Biology) -- Mariano Marcos State University-College of Arts & Sciences, Batac City  aBibliography: leaves 35-36